[Event "Montebelluna Elite 2020"]
[Site "Montebelluna"]
[Date "2020.01.05"]
[Round "7.9"]
[White "Can, Isik"]
[Black "Sumets, Andrey"]
[Result "1/2-1/2"]
[WhiteElo "2374"]
[BlackElo "2566"]
[Annotator "TA"]
[PlyCount "136"]
[EventDate "2020.01.02"]
[EventType "swiss"]
[EventCountry "ITA"]
[SourceTitle "playchess.com"]
[Source "ChessBase"]
[SourceQuality "1"]

{[%evp 23,136,27,27,29,29,22,33,29,24,0,27,0,0,0,1,0,0,0,0,0,14,8,14,12,12,0,9,15,12,8,28,0,0,0,0,0,0,0,0,0,0,0,0,0,2,0,9,0,0,0,0,-15,-8,-8,-8,-16,-16,-19,-7,-7,-8,-8,-8,-8,-8,-8,0,-9,-9,-9,-9,-9,-9,-7,0,0,0,0,0,0,-1,-370,-370,-370,-370,-370,-355,-322,-51,-51,-51,-51,-51,-51,-51,-51,-56,-79,-12,-12,-12,-51,-51,-51,-12,-12,-12,-12,-12,-12,-12,-12,-12,-12,0]} 1. e4 e6 2. d4 d5 3. Nd2 c5 4. exd5 exd5 5. Ngf3 Nf6 6. Bb5+ Bd7 7. Bxd7+ Nbxd7 8. O-O Be7 9. dxc5 Nxc5 10. Nb3 Nce4 11. Nfd4 Qd7 12. f3 Nd6 $1 13. Nc5 {C08: French Tarrasch: 3...c5 4 exd5 exd5 sidelines} Qc7 14. Nd3 O-O 15. c3 {White is slightly better.} (15. Be3 Rfe8 16. Bf2 a6 17. Re1 g6 18. Qd2 Rac8 19. Re2 Nc4 20. Qf4 Qxf4 21. Nxf4 Nxb2 22. Rxe7 Rxe7 {½-½ (72) Antal,G (2522)-Short,N (2681) Caleta 2018}) 15... Rfe8 16. Qe1 $146 ({Predecessor:} 16. Bf4 Rad8 17. Re1 Qd7 18. b3 Rc8 19. Qd2 Bd8 20. Be5 Nb5 21. Nxb5 Qxb5 {½-½ (50) Lampert,J (2500)-Ulybin,M (2478) Dresden 2016}) 16... Nc4 17. Qf2 Bd6 18. g3 Qb6 19. b3 Ne5 20. Nxe5 Bxe5 21. Be3 Qa5 22. Qd2 Rac8 23. Rac1 a6 24. a4 Qc7 25. Rfe1 h5 26. Bf2 g6 27. Qg5 Nh7 28. Qd2 Bf6 29. Rxe8+ Rxe8 30. h4 Nf8 31. Ne2 Qc6 32. Kg2 Ne6 33. Rd1 Qc7 34. Re1 Rd8 35. b4 Qc4 36. a5 Rc8 37. Nd4 (37. Rd1 {is more complex.} Kf8 38. Bb6 Bg7 39. Be3 Qb3 40. Bh6) 37... Nxd4 38. Bxd4 Bxd4 39. Qxd4 Qxd4 40. cxd4 $11 {[%mdl 4096] Endgame KR-KR} Rc2+ 41. Kf1 Rc4 42. Re8+ Kg7 43. b5 $1 Ra4 44. b6 Rxd4 45. Re7 Ra4 46. Rxb7 Rxa5 47. Ra7 Ra2 48. Ke1 d4 49. b7 Rb2 50. Rxa6 Rxb7 51. Rd6 Rb4 52. g4 $2 {[%mdl 8192]} (52. Kd2 $11 {and White is okay.}) 52... hxg4 $19 53. fxg4 {[#]} d3 $1 {[%mdl 512]} 54. g5 (54. Rxd3 Rxg4) 54... Rxh4 55. Rxd3 Rf4 $2 (55... Re4+ $19 56. Kf2 Kf8) 56. Ke2 $1 $15 Rf5 57. Rg3 $1 Kf8 58. Ke3 Ke7 59. Ke4 Ke6 60. Rg1 Rf2 (60... Kd6 $17) 61. Ke3 $11 Ra2 62. Kf4 Ra4+ 63. Kg3 $1 Re4 (63... Kf5 $5 {[%cal Ra4g4]} 64. Rf1+ Kxg5 65. Rxf7 Rg4+ 66. Kh2 Rf4 $15) 64. Rf1 {The position is equal.} Re5 65. Kg4 Re2 66. Rf6+ Ke7 67. Rf1 Rg2+ 68. Kh4 Ke6 {Accuracy: White = 71%, Black = 59%.} 1/2-1/2

[Event "Montebelluna Elite 2020"]
[Site "Montebelluna"]
[Date "2020.01.05"]
[Round "7.10"]
[White "Demidov, Mikhail"]
[Black "Morozov, Nichita"]
[Result "1/2-1/2"]
[WhiteElo "2552"]
[BlackElo "2388"]
[Annotator "TA"]
[PlyCount "85"]
[EventDate "2020.01.02"]
[EventType "swiss"]
[EventCountry "ITA"]
[SourceTitle "playchess.com"]
[Source "ChessBase"]
[SourceQuality "1"]

{[%evp 11,85,-6,0,0,0,2,22,25,24,18,13,2,20,0,29,28,30,25,23,23,27,27,36,11,24,0,0,0,0,0,0,0,0,0,0,-2,0,0,-2,0,0,0,0,0,5,0,0,0,0,0,0,0,5,0,0,0,0,0,0,-6,-6,-6,-6,-6,-6,-6,-6,-6,0,-3,0,0,0,-3,0,0]} 1. e4 e5 2. Nc3 Nf6 3. g3 Nc6 4. Bg2 Bc5 5. Nge2 a6 6. O-O d6 7. Nd5 {C26: Vienna Game: 2...Nf6, sidelines} Nxd5 8. exd5 Ne7 9. d4 exd4 (9... Ba7 10. dxe5 dxe5 11. b3 O-O 12. Ba3 Re8 13. c4 Bg4 14. h3 Bxe2 15. Qxe2 {1-0 (42) Adhiban,B (2674)-Mikhalevski,V (2536) Berlin 2015}) 10. Nxd4 O-O 11. Qd3 $146 ({Predecessor:} 11. c3 Nf5 12. b4 Ba7 13. Nb3 Qf6 {½-½ (22) Tischbierek,R (2454)-Naumann,A (2546) Germany 2012}) 11... Ng6 12. f4 Bxd4+ 13. Qxd4 Bf5 14. c4 Qd7 15. Re1 Rfe8 16. Bd2 b6 17. Bc3 {[%csl Gc3][%cal Rd4g7] [#]} (17. b4 {looks sharper.} Bh3 18. Bh1 f6 19. a3 h5 20. Re6) 17... f6 18. h4 Bh3 {The position is equal.} 19. Bf3 Bg4 20. Bh1 Rxe1+ 21. Rxe1 Re8 22. b3 Rxe1+ 23. Bxe1 Qe7 24. Qd2 a5 25. Kf2 Nf8 (25... Qd7 {is more complex.} 26. Be4 Ne7 27. Kg1 Nf5 28. Bf2 Qe7) 26. Qe3 Qxe3+ 27. Kxe3 $11 {[%mdl 4096] Endgame KBB-KBN} f5 28. Bg2 Nd7 29. a3 Bd1 30. b4 axb4 31. axb4 Bc2 32. Bf3 Nf6 33. Kd4 Kf7 34. Be2 Be4 35. Bd1 b5 36. cxb5 Bxd5 37. Bc2 Ke6 38. Bd3 g6 39. Be2 h5 40. Bd3 Be4 41. Be2 Bd5 42. Bd3 Be4 43. Be2 {Accuracy: White = 44%, Black = 79%.} 1/2-1/2

[Event "Montebelluna Elite 2020"]
[Site "Montebelluna"]
[Date "2020.01.05"]
[Round "8.1"]
[White "Gokerkan, Cem Kaan"]
[Black "Ter-Sahakyan, Samvel"]
[Result "0-1"]
[WhiteElo "2458"]
[BlackElo "2617"]
[Annotator "TA"]
[PlyCount "78"]
[EventDate "2020.01.02"]
[EventType "swiss"]
[EventCountry "ITA"]
[SourceTitle "playchess.com"]
[Source "ChessBase"]
[SourceQuality "1"]

{[%evp 13,78,19,26,0,12,12,14,-8,-1,-10,24,-96,-91,-103,-100,-89,-114,-227,-218,-225,-216,-259,-207,-383,-288,-389,-383,-382,-289,-298,-310,-304,-305,-282,-221,-190,-216,-363,-297,-328,-199,-345,-311,-528,-518,-558,-554,-546,-522,-831,-792,-841,-850,-1937,-1782,-5179,-4385,-4917,-3264,-29983,-29984,-29988,-29989,-29980,-29981,-12834,-1951]} 1. e4 e5 2. Nf3 Nc6 3. Bc4 Bc5 4. c3 Nf6 5. d3 d6 6. Bg5 h6 7. Bh4 a6 8. Nbd2 {C54: Giuoco Piano: 4 c3 Nf6, main lines with 5 d4 and 5 d3} (8. a4 Ba7 9. Nbd2 Qe7 10. O-O g5 11. Bg3 Nd7 12. b4 Nf8 13. b5 Nd8 14. d4 Ng6 15. h3 h5 {1-0 (41) Dominguez Perez,L (2763)-Grischuk,A (2759) Khanty-Mansiysk 2019}) 8... Ba7 9. O-O Qe7 10. b4 {The position is equal.} g5 11. Bg3 Nh7 12. Re1 $146 (12. a4 $11) ({Predecessor:} 12. d4 h5 13. h4 g4 14. Ne1 exd4 15. cxd4 Bxd4 {0-1 (45) Kuipers,S (2470)-Chigaev,M (2604) Wijk aan Zee 2019}) 12... h5 $17 {Threatens to win with ...h4.} 13. h4 g4 14. Nh2 {[#]} Nf8 $1 15. b5 (15. Nhf1 $17 {was worth a try.}) 15... axb5 $19 16. Bxb5 {[#]} Ng6 $1 17. d4 Nxh4 ({Don't play} 17... exd4 18. Bxc6+ bxc6 19. Qa4 $17) 18. f4 $2 (18. d5 Bd7 19. Nc4 (19. dxc6 bxc6 20. Bf1 Ng6 $19)) 18... Ng6 19. fxe5 dxe5 20. Bf2 O-O {Strongly threatening ...g3!} 21. Ndf1 Rd8 {[%cal Re5d4]} 22. Bxc6 bxc6 23. Ng3 Qg5 24. Be3 Nf4 25. Kh1 (25. Qc1 $142) 25... Qh4 26. Bf2 Qf6 {[%cal Re5d4]} 27. Be3 (27. Rf1 $142) 27... exd4 28. e5 $2 (28. cxd4 {is a better defense.} Bxd4 29. Bxd4 Rxd4 30. Qc1) 28... dxe3 {[%mdl 64] Discovered Attack} ({Less strong is} 28... Qxe5 29. cxd4 Qf6 30. Rf1 $17) 29. exf6 Rxd1 30. Raxd1 Ba6 31. Nf5 e2 32. Rd7 Bf2 33. Nh6+ Kh7 34. Nxf7 Bxe1 35. Ne5+ Kh6 {( -> ...Bg3)} 36. Rg7 Rf8 37. Nhxg4+ hxg4 38. Nxg4+ Kh5 39. Ne5 {[#]} Bg3 $1 {[%mdl 64] Clearance, Promotion. Accuracy: White = 36%, Black = 79%.} 0-1

[Event "Montebelluna Elite 2020"]
[Site "Montebelluna"]
[Date "2020.01.05"]
[Round "8.2"]
[White "Radovanovic, Mihajlo"]
[Black "Martinez Alcantara, Jose Eduardo"]
[Result "0-1"]
[WhiteElo "2485"]
[BlackElo "2606"]
[Annotator "TA"]
[PlyCount "74"]
[EventDate "2020.01.02"]
[EventType "swiss"]
[EventCountry "ITA"]
[SourceTitle "playchess.com"]
[Source "ChessBase"]
[SourceQuality "1"]

{[%evp 18,74,29,26,25,18,24,0,4,0,0,0,0,0,50,0,0,0,0,-52,-44,-48,-35,-24,-16,-64,-77,-67,-70,-45,-59,-50,-45,-33,-42,-53,-40,-58,-45,-53,-46,-72,0,0,0,0,0,-408,-408,-395,-382,-646,-474,-29981,-29981,-29981,-565,-29982,-29983]} 1. g3 c5 2. Bg2 Nc6 3. d3 g6 4. e4 Bg7 5. f4 e6 6. Nf3 Nge7 7. O-O O-O 8. c3 d6 9. Be3 b6 10. d4 Ba6 {B20: Sicilian: Unusual White 2nd moves} (10... d5 11. e5 Nf5 12. Bf2 cxd4 13. cxd4 Ba6 14. Re1 Qd7 15. Qd2 Rac8 16. Na3 Rc7 17. g4 Nfe7 18. Nc2 {½-½ (48) Rapport,R (2738)-Shankland,S (2731) Prague 2019}) 11. Re1 Rc8 12. Qd2 cxd4 {The position is equal.} 13. cxd4 Na5 14. b3 $146 ({Predecessor:} 14. Na3 d5 15. e5 Nc4 16. Nxc4 dxc4 17. Ng5 Rc7 18. Rac1 {0-1 (43) Darban,M (2270)-Stamenkov,V (2378) Yerevan 2001}) 14... Bb7 15. Bf2 e5 16. Na3 {[%cal Rd4e5]} exf4 17. Qxf4 f5 18. Ng5 ({White should play} 18. Qh4 $11) 18... Qd7 $1 $15 19. exf5 Bxg2 (19... Nxf5 $5 {[%cal Rb7g2]} 20. Bxb7 Qxb7 $15) 20. Kxg2 Rxf5 21. Qh4 h6 22. Ne6 Nd5 {Hoping for ...Qf7.} 23. Nxg7 Kxg7 24. Qe4 $1 Rcf8 {[%cal Bc8f8,Bf8f7,Bf7f2,Bf2c2][%mdl 32]} 25. Bg1 $1 R8f7 26. Kh1 Nf6 27. Qg2 d5 28. Nc2 Ne4 $36 {[%mdl 2048] Black fights for an advantage.} 29. Ne3 Rf2 (29... Rf3 $17) 30. Bxf2 $11 Rxf2 31. Qg1 Qf7 {...Nc6 is the strong threat.} 32. Rf1 $2 {[%mdl 8192]} (32. Ng2 $11) 32... Qf3+ $1 $19 {[%mdl 64] [#] Double Attack} 33. Ng2 Nc6 34. Rfd1 $2 (34. Rfe1 Nxd4 35. Re3 Rxg2 36. Rxf3 Rxg1+ 37. Rxg1 Nxf3 38. Rc1) 34... Rc2 {White must now prevent ...Nf2+.} 35. Qf1 {[#]} (35. Rf1 $19 Nf2+ 36. Rxf2 Rxf2 37. Re1) 35... Nf2+ $1 36. Kg1 Nh3+ 37. Kh1 Rf2 {Accuracy: White = 55%, Black = 75%.} 0-1

[Event "Montebelluna Elite 2020"]
[Site "Montebelluna"]
[Date "2020.01.05"]
[Round "8.3"]
[White "Erigaisi Arjun"]
[Black "Sonis, Francesco"]
[Result "0-1"]
[WhiteElo "2575"]
[BlackElo "2458"]
[Annotator "TA RC"]
[PlyCount "42"]
[EventDate "2020.01.02"]
[EventType "swiss"]
[EventCountry "ITA"]
[SourceTitle "playchess.com"]
[Source "ChessBase"]
[SourceQuality "1"]

{[%evp 10,69,25,18,35,19,14,14,1,2,0,0,33,-35,-36,-23,-20,-41,-27,-134,-129,-134,-82,-107,-47,-66,-62,-55,-54,-65,-68,-68,-60,-268,-265,-268,-217,-211,-222,-237,-229,-238,-258,-231,-222,-213,-227,-403,-140,-492,-317,-537,-543,-542,-527,-539,-534,-839,-813,-841,-604,-29999]} 1. d4 d5 2. c4 c6 3. Nc3 Nf6 4. e3 a6 5. Nf3 Bf5 6. Qb3 b5 {D15: Slav Defence: 4 Nc3 a6 and gambit lines after 4 Nc3 dxc4} (6... Ra7 7. Nh4 Bc8 8. Bd2 e6 9. c5 Nbd7 10. Nf3 e5 11. Nxe5 Nxe5 12. dxe5 Nd7 13. Na4 Bxc5 14. Nxc5 Nxc5 {0-1 (84) Radjabov,T (2757)-Fedoseev,V (2724) Wijk aan Zee 2019}) 7. cxd5 cxd5 8. a4 b4 $1 {[%cal Rb4c3] The position is equal.} 9. Qxb4 {Threatens to win with Qb7.} Nc6 $1 {[%cal Bb8c6,Bc6b4,Bb4d5,Bd5c3][%mdl 32]} 10. Qc5 Bd7 11. Nxd5 $146 (11. Ne5 $14 e6 12. Nxc6) ({Predecessor:} 11. Ne5 e6 12. Nxc6 Qc7 13. Ne7 Qxc5 14. dxc5 Bxe7 {1-0 (46) Tikkanen,H (2503)-Grandelius,N (2642) Stockholm 2017}) 11... e5 $1 $15 12. Nxf6+ gxf6 13. Qc2 {Bc4 is the strong threat.} Nb4 $1 {[%cal Rb4c2][%mdl 1024] Black has compensation.} 14. Qd1 (14. Qc3 $1 $11 {remains equal.} Bf5 15. Kd1) 14... Bf5 $17 {White must now prevent ...Nc2+.} 15. Nh4 Bc2 (15... Nc2+ $142 16. Ke2 Qc8 17. Nxf5 Qxf5) 16. Qd2 Rc8 ({Better is} 16... f5 $1 $17 17. g3 Rc8 18. dxe5 Nd3+ 19. Bxd3 Bxd3) 17. Ra3 $1 $15 {[%cal Ra3c3]} Nd5 $1 18. Rc3 $1 ({But not} 18. Bxa6 $2 Bb4 $19) 18... Bb4 $1 {[%mdl 64] Pin} 19. Qxc2 $1 Nxc3 20. Bd2 {[%mdl 64] Pin} Nd5 21. Qe4 $2 (21. Bc4 $15) 21... Bxd2+ {Played: Qd8-a5} 0-1

[Event "Montebelluna Elite 2020"]
[Site "Montebelluna"]
[Date "2020.01.05"]
[Round "8.4"]
[White "Zanan, Evgeny"]
[Black "Ozenir, Ekin Baris"]
[Result "0-1"]
[WhiteElo "2503"]
[BlackElo "2285"]
[Annotator "TA"]
[PlyCount "76"]
[EventDate "2020.01.02"]
[EventType "swiss"]
[EventCountry "ITA"]
[SourceTitle "playchess.com"]
[Source "ChessBase"]
[SourceQuality "1"]

{[%evp 11,76,16,41,15,29,18,34,24,35,17,27,15,44,0,60,30,83,56,92,81,104,99,103,91,100,99,119,38,35,29,27,30,28,29,86,0,23,37,23,45,28,-132,-129,-115,-93,-104,-99,-91,-100,-239,-251,-281,-260,-285,-280,-675,-653,-638,-617,-1991,-1725,-1875,-1783,-2327,-2067,-2294,-1662]} 1. e4 e6 2. d4 d5 3. Nc3 Nf6 4. Bg5 dxe4 5. Nxe4 Be7 6. Bxf6 gxf6 7. Nc3 {C13: French: Classical System: 4 Bg5 Be7, Alekhine-Chatard Attack} (7. g3 f5 8. Nc3 Bf6 9. Nf3 b6 10. Bg2 Bb7 11. Qe2 O-O 12. O-O-O Qe7 13. Rhg1 Kh8 14. Ne5 Bxg2 15. Rxg2 {½-½ (50) Vachier Lagrave,M (2780)-Skoberne,J (2582) chess.com INT 2019}) 7... a6 8. g3 b5 9. Bg2 {White is slightly better.} c6 $146 ({Predecessor:} 9... Ra7 10. Nf3 c5 11. dxc5 Qxd1+ 12. Rxd1 Bxc5 13. Ne4 Be7 14. Nd6+ Bxd6 15. Rxd6 {½-½ (40) Morovic Fernandez,I (2554)-Shirov,A (2673) Baku 2016}) 10. a4 b4 11. Nce2 Bb7 12. Nh3 a5 (12... h5 $11) 13. Nhf4 Na6 (13... Nd7 $11) 14. O-O $16 Qd7 15. c4 O-O-O 16. Qc2 Kb8 17. Rad1 Qc7 18. Nh5 f5 19. Nef4 (19. Nc1 $16) 19... Rd7 $14 20. Rd3 Rhd8 21. Rfd1 Qb6 {[%cal Rd7d4]} 22. Qe2 Qc7 (22... b3 $11) 23. R3d2 (23. b3 $16) 23... b3 (23... e5 $5 24. dxe5 Rxd2 25. Rxd2 Rxd2 26. Qxd2 Qxe5 $11) 24. Qe3 e5 25. Ne2 Bb4 26. Nc3 $2 (26. Rd3 $1 $11) 26... exd4 $17 27. Rxd4 Rxd4 28. Rxd4 Rxd4 29. Qxd4 {[#]} Qd6 $1 $36 {[%cal Rd6d4][%mdl 2048] Black is really pushing.} 30. Qxd6+ (30. Ne2 $17) 30... Bxd6 $19 31. Nf4 Nc5 32. Bf1 {intending Nd3.} Be5 {Hoping for ...Bxc3.} 33. Nd3 $2 (33. Nd1 Nxa4 34. Nd3) 33... Nxd3 {Black is clearly winning.} 34. Bxd3 Bxc3 35. bxc3 {[#]} c5 $1 36. Bxf5 Bc6 37. Kf1 Bxa4 38. Ke1 b2 {Accuracy: White = 40%, Black = 60%.} 0-1

[Event "Montebelluna Elite 2020"]
[Site "Montebelluna"]
[Date "2020.01.05"]
[Round "8.4"]
[White "Sonis, Francesco"]
[Black "Nikolovski, Nikola"]
[Result "1/2-1/2"]
[WhiteElo "2458"]
[BlackElo "2442"]
[Annotator "RC"]
[PlyCount "190"]
[EventDate "2020.01.02"]
[EventType "swiss"]
[EventCountry "ITA"]
[SourceTitle "playchess.com"]
[Source "ChessBase"]
[SourceQuality "1"]
[TimeControl "5400+30"]

1. Nf3 {[%emt 0:00:00]} e6 {[%emt 0:12:12]} 2. c4 {[%emt 0:00:01]} f5 {[%emt 0:00:30]} 3. g3 {[%emt 0:00:30]} Nf6 {[%emt 0:00:30]} 4. Bg2 {[%emt 0:00:30]} Be7 {[%emt 0:00:30]} 5. O-O {[%emt 0:00:30]} O-O {[%emt 0:00:30]} 6. Nc3 {[%emt 0:00:30]} d6 {[%emt 0:00:30]} 7. b4 {[%emt 0:00:30]} Qe8 {[%emt 0:00:30]} 8. d3 {[%emt 0:00:30]} e5 {[%emt 0:00:30]} 9. e3 {[%emt 0:00:30]} Nc6 {[%emt 0:00:30]} 10. Rb1 {[%emt 0:00:30]} Nd8 {[%emt 0:00:30]} 11. Nd2 {[%emt 0:00:30]} Nf7 {[%emt 0:00:30]} 12. f4 {[%emt 0:00:30]} Bd8 {[%emt 0:00:30]} 13. Re1 {[%emt 0:00:30]} c6 {[%emt 0:00:30]} 14. Nf3 {[%emt 0:00:30]} Nh6 {[%emt 0:00:30]} 15. Ba3 {[%emt 0:50:44]} e4 {[%emt 1:06:01]} 16. Ng5 {[%emt 0:07:43]} Nhg4 {[%emt 0:02:50]} 17. dxe4 {[%emt 0:14:39]} h6 {[%emt 0:00:12]} 18. Nf3 {[%emt 0:00:27]} Nxe4 {[%emt 0:03:51]} 19. Nxe4 {[%emt 0:00:12]} fxe4 {[%emt 0:00:10]} 20. Nd2 {[%emt 0:00:13]} Nf6 {[%emt 0:01:08]} 21. Bb2 {[%emt 0:01:59]} Bf5 {[%emt 0:01:15]} 22. Qc2 {[%emt 0:00:11]} d5 {[%emt 0:00:40]} 23. Bd4 {[%emt 0:01:40]} h5 {[%emt 0:00:55]} 24. cxd5 {[%emt 0:02:05]} cxd5 {[%emt 0:00:06]} 25. Qb3 {[%emt 0:00:33]} Qf7 {[%emt 0:02:36]} 26. h3 {[%emt 0:00:47]} Kh8 {[%emt 0:00:07]} 27. Nf1 {[%emt 0:00:43]} Rc8 {[%emt 0:01:07]} 28. Rbd1 {[%emt 0:01:54]} Rc4 {[%emt 0:00:29]} 29. Bc5 {[%emt 0:02:02]} Rg8 {[%emt 0:01:10]} 30. Nd2 {[%emt 0:00:25]} b6 {[%emt 0:01:33]} 31. Bd4 {[%emt 0:00:01]} Rc8 {[%emt 0:00:36]} 32. Bxf6 {[%emt 0:03:49]} gxf6 {[%emt 0:00:04]} 33. Nxe4 {[%emt 0:00:46]} Qg6 {[%emt 0:00:05]} 34. Qxd5 {[%emt 0:01:57]} Rc2 {[%emt 0:00:14]} 35. Nd2 {[%emt 0:00:57]} Qxg3 {[%emt 0:01:36]} 36. Re2 {[%emt 0:00:00]} Qg6 {[%emt 0:00:52]} 37. Qf3 {[%emt 0:00:41]} Bd3 {[%emt 0:01:19]} 38. Rf2 {[%emt 0:00:18]} f5 {[%emt 0:00:23]} 39. Nf1 {[%emt 0:02:52]} Be4 {[%emt 0:00:11]} 40. Qg3 {[%emt 0:01:34]} Rxf2 {[%emt 0:01:07]} 41. Kxf2 {[%emt 0:00:07]} Qxg3+ {[%emt 0:00:30]} 42. Nxg3 {[%emt 0:00:01]} Bh4 {[%emt 0:00:38]} 43. Bxe4 {[%emt 0:00:03]} Bxg3+ {[%emt 0:00:09]} 44. Kf3 {[%emt 0:00:00]} fxe4+ {[%emt 0:00:08]} 45. Kxe4 {[%emt 0:00:02]} Re8+ {[%emt 0:01:00]} 46. Kf3 {[%emt 0:00:01]} Bh4 {[%emt 0:00:06]} 47. Rd5 {[%emt 0:00:02]} Kg7 {[%emt 0:00:40]} 48. Rxh5 {[%emt 0:00:02]} Be7 {[%emt 0:00:07]} 49. Re5 {[%emt 0:01:10]} Kf7 {[%emt 0:00:15]} 50. b5 {[%emt 0:00:35]} Rd8 {[%emt 0:00:58]} 51. Re4 {[%emt 0:01:02]} Bc5 {[%emt 0:00:40]} 52. a4 {[%emt 0:01:49]} Rd1 {[%emt 0:00:29]} 53. Re5 {[%emt 0:00:28]} Ra1 {[%emt 0:00:12]} 54. Re4 {[%emt 0:00:01]} Kf6 {[%emt 0:00:12]} 55. Kg3 {[%emt 0:00:30]} Ra3 {[%emt 0:00:32]} 56. Kf3 {[%emt 0:00:05]} Ra2 {[%emt 0:00:17]} 57. Kg3 {[%emt 0:00:04]} Ra1 {[%emt 0:00:02]} 58. Kf2 {[%emt 0:00:19]} Kg6 {[%emt 0:00:23]} 59. Kg3 {[%emt 0:00:13]} Ra3 {[%emt 0:01:35]} 60. Kf3 {[%emt 0:00:09]} Kf6 {[%emt 0:00:10]} 61. Kf2 {[%emt 0:00:05]} Bd6 {[%emt 0:00:13]} 62. Kg3 {[%emt 0:00:56]} Kf5 {[%emt 0:00:40]} 63. Kf3 {[%emt 0:00:06]} Rd3 {[%emt 0:00:42]} 64. Re8 {[%emt 0:00:15]} Rc3 {[%emt 0:00:41]} 65. Re4 {[%emt 0:01:13]} Ra3 {[%emt 0:00:22]} 66. Rd4 {[%emt 0:03:13]} Bc5 {[%emt 0:00:12]} 67. Re4 {[%emt 0:00:01]} Rc3 {[%emt 0:01:20]} 68. Re5+ {[%emt 0:00:03]} Kf6 {[%emt 0:00:03]} 69. Re4 {[%emt 0:00:06]} Rb3 {[%emt 0:01:01]} 70. Kf2 {[%emt 0:00:09]} Bd6 {[%emt 0:00:19]} 71. Kg3 {[%emt 0:00:10]} Ra3 {[%emt 0:00:59]} 72. Kf3 {[%emt 0:00:06]} Ra2 {[%emt 0:00:07]} 73. Rd4 {[%emt 0:00:47]} Bc5 {[%emt 0:00:45]} 74. Re4 {[%emt 0:00:02]} Ra3 {[%emt 0:00:15]} 75. Kf2 {[%emt 0:00:04]} Kg6 {[%emt 0:00:14]} 76. Kf3 {[%emt 0:00:10]} Ra2 {[%emt 0:00:15]} 77. Re6+ {[%emt 0:00:05]} Kf7 {[%emt 0:00:19]} 78. Re4 {[%emt 0:00:03]} Ra3 {[%emt 0:01:02]} 79. Kf2 {[%emt 0:00:03]} Kg7 {[%emt 0:00:16]} 80. Kf3 {[%emt 0:00:10]} Kg6 {[%emt 0:00:04]} 81. Kf2 {[%emt 0:00:06]} Kh5 {[%emt 0:01:16]} 82. Kf3 {[%emt 0:00:08]} Kh4 {[%emt 0:00:29]} 83. Re8 {[%emt 0:00:03]} Kh5 {[%emt 0:00:05]} 84. Re4 {[%emt 0:00:09]} Rc3 {[%emt 0:00:57]} 85. Re5+ {[%emt 0:00:07]} Kg6 {[%emt 0:00:05]} 86. Re6+ {[%emt 0:00:18]} Kf5 {[%emt 0:00:26]} 87. Re5+ {[%emt 0:00:03]} Kf6 {[%emt 0:00:05]} 88. Re4 {[%emt 0:00:02]} Rc1 {[%emt 0:01:03]} 89. Kg3 {[%emt 0:00:08]} Rc2 {[%emt 0:00:08]} 90. Kf3 {[%emt 0:00:05]} Rc3 {[%emt 0:00:02]} 91. Kf2 {[%emt 0:00:04]} Bd6 {[%emt 0:00:18]} 92. Kg3 {[%emt 0:00:12]} Kf5 {[%emt 0:00:33]} 93. Kf3 {[%emt 0:00:02]} Rc2 {[%emt 0:01:08]} 94. Re8 {[%emt 0:00:45]} Rc3 {[%emt 0:02:14]} 95. Re4 {[%emt 0:00:17]} Ra3 {[%emt 0:00:40]} 1/2-1/2

[Event "Montebelluna Elite 2020"]
[Site "Montebelluna"]
[Date "2020.01.05"]
[Round "8.5"]
[White "Nikolovski, Nikola"]
[Black "Rahul Srivatshav P"]
[Result "1/2-1/2"]
[WhiteElo "2442"]
[BlackElo "2444"]
[Annotator "TA"]
[PlyCount "20"]
[EventDate "2020.01.02"]
[EventType "swiss"]
[EventCountry "ITA"]
[SourceTitle "playchess.com"]
[Source "ChessBase"]
[SourceQuality "1"]

{[%evp 19,20,0,45]} 1. e4 c5 2. Nf3 d6 3. d4 cxd4 4. Nxd4 Nf6 5. Nc3 a6 6. Be3 Ng4 7. Bc1 $146 ({Predecessor:} 7. Bg5 h6 8. Bc1 Nf6 9. Bd3 e5 10. Nde2 Nbd7 11. Ng3 Nc5 12. Be2 g6 13. Be3 h5 14. Bxc5 dxc5 15. Qxd8+ Kxd8 {½-½ (43) Harikrishna,P (2730)-Navara,D (2739) Prague 2019}) 7... Nf6 8. Be3 Ng4 9. Bc1 Nf6 10. Be3 Ng4 1/2-1/2

[Event "Montebelluna Elite 2020"]
[Site "Montebelluna"]
[Date "2020.01.05"]
[Round "8.7"]
[White "Lazov, Toni"]
[Black "Fischer, Daniel"]
[Result "1-0"]
[WhiteElo "2420"]
[BlackElo "2327"]
[Annotator "TA"]
[PlyCount "73"]
[EventDate "2020.01.02"]
[EventType "swiss"]
[EventCountry "ITA"]
[SourceTitle "playchess.com"]
[Source "ChessBase"]
[SourceQuality "1"]

{[%evp 13,73,8,25,22,22,-9,26,29,28,22,23,25,25,29,30,25,19,18,27,39,37,35,50,45,77,66,65,75,152,149,149,147,218,218,252,265,287,282,293,287,286,285,301,283,291,285,274,275,313,285,376,354,371,368,381,382,382,368,450,441,440,441]} 1. d4 Nf6 2. c4 e6 3. Nf3 b6 4. g3 Ba6 5. Qc2 c5 6. Bg2 Nc6 7. dxc5 bxc5 8. O-O {E15: Queen's Indian: 4 g3 sidelines, 4 g3 Ba6 and 4 g3 Bb7 early deviations} Be7 9. Qa4 (9. e4 Rc8 10. e5 Ng4 11. Qe4 f5 12. exf6 Nxf6 13. Qe2 O-O 14. Nbd2 Bb7 15. b3 a5 {0-1 (48) Dubov,D (2654)-Jakovenko,D (2759) Chita 2015}) 9... Qa5 (9... Qc8 {keeps more tension.} 10. Nc3 Rb8 11. Nd2 Bb7 12. e4 O-O) 10. Qxa5 {White has an edge.} Nxa5 11. b3 $146 ({Predecessor:} 11. Ne5 Rc8 12. b3 d6 13. Bd2 Bd8 14. Nd3 d5 15. cxd5 Nxd5 16. Na3 c4 17. bxc4 Nxc4 18. Nxc4 Rxc4 19. Rfc1 O-O 20. Rxc4 Bxc4 21. Rc1 Bxa2 22. Ra1 {½-½ (22) Rakic,M (2241)-Mijailovic,Z (2393) Belgrade 2005}) 11... Bb7 12. Nc3 O-O 13. Rd1 d6 14. Bf4 Rfd8 15. Rd2 Ne4 16. Nxe4 Bxe4 17. Rad1 {[%cal Rf4d6]} e5 18. Be3 $1 Nc6 19. Ng5 Bxg2 20. Kxg2 f5 ({Black should try} 20... Nd4) 21. Ne6 $16 Rdc8 {[#]} 22. Bg5 $1 {[%cal Rg5e7]} Kf7 (22... Bxg5 $16 {might work better.} 23. Nxg5 h6) 23. Bxe7 $18 Kxe7 24. Nxg7 Kf6 25. Nh5+ Kg5 26. g4 {[#] Hoping for h4+!} fxg4 27. Ng3 Nd4 28. e3 Nf5 29. Nxf5 Kxf5 30. Rxd6 {[%mdl 4096] Endgame KRR-KRR} a5 31. R1d5 a4 32. Rh6 axb3 33. axb3 Ra2 {Now ...Rf8 and Black clings on.} 34. Rh5+ Kg6 35. Rhxe5 Rf8 {Black hopes to continue with ...Rf3.} 36. Rg5+ Kh6 {intending ...Rf3.} 37. Rgf5 {Accuracy: White = 87%, Black = 45%.} 1-0